Clubs de Pro League (2025-2026) - Statistiques

Statistiques générales
  • Ce quiz a été pris 13 fois
  • Le résultat moyen est 13 sur 16
Statistiques - réponses
Province Nom du club % Correct
Flandre Occidentale Club Bruges
100%
Bruxelles Sporting Anderlecht
100%
Liège Standard de Liège
100%
Bruxelles Union Saint-Gilloise
100%
Flandre Occidentale Cercle Bruges
92%
Limbourg KRC Genk
92%
Flandre Orientale KAA Gent
85%
Anvers Royal Antwerp
85%
Limbourg STVV Saint-Trond
85%
Hainaut RAAL La Louvière
77%
Hainaut Sporting Charleroi
77%
Anvers KVC Westerlo
69%
Anvers KV Mechelen
69%
Brabant Flamand OHL Leuven
69%
Flandre Orientale FCV Dender
62%
Flandre Occidentale SV Zulte Waregem
62%
Aucun quiz correspondant
Distribution des résultats
% des personnes avec chaque résultat
Percentile par nombre de réponses
Votre historique - résultats
Vous n’avez pas pris ce quiz